[Event "BOL-ch"]
[Site "Sucre"]
[Date "2016.06.12"]
[Round "6"]
[White "Celis, Kevin"]
[Black "Ferrufino, Boris"]
[Result "1-0"]
[WhiteElo "2080"]
[BlackElo "2108"]
[PlyCount "62"]
[EventDate "2016.06.09"]
[EventType "tourn"]
[EventRounds "9"]
[EventCountry "BOL"]
[SourceTitle "CBM 172 Extra"]
[Source "ChessBase"]
[SourceDate "2016.06.21"]
[SourceVersion "1"]
[SourceVersionDate "2016.06.21"]
[SourceQuality "1"]

1. Nf3 c5 2. g3 Nc6 3. Bg2 g6 4. 0-0 Bg7 5. d3 d6 6. Nbd2 e6 7. e4 Nge7 8. Re1 0-0 9. Nf1 h6 10. c3 e5 11. Be3 f5 12. Qd2 Kh7 13. exf5 gxf5 14. d4 f4 15. gxf4 e4 16. Qc2 cxd4 17. Nxd4 d5 18. Rad1 Bxd4 19. Bxd4 Nf5 20. Bc5 Rg8 21. Ng3 b6 22. Bxe4 Qf6 23. Rxd5 bxc5 24. Bxf5+ Kh8 25. Bxc8 Raxc8 26. Rd7 Rg7 27. Rxg7 Qxg7 28. Qf5 Qf8 29. Qxf8+ Rxf8 30. Re6 Na5 31. Rxh6+ Kg7 1-0

[Event "BOL-ch"]
[Site "Sucre"]
[Date "2016.06.10"]
[Round "2"]
[White "Celis, Kevin"]
[Black "Parraga, Alejandro"]
[Result "1/2-1/2"]
[WhiteElo "2080"]
[BlackElo "2202"]
[PlyCount "82"]
[EventDate "2016.06.09"]
[EventType "tourn"]
[EventRounds "9"]
[EventCountry "BOL"]
[SourceTitle "CBM 172 Extra"]
[Source "ChessBase"]
[SourceDate "2016.06.21"]
[SourceVersion "1"]
[SourceVersionDate "2016.06.21"]
[SourceQuality "1"]

1. e4 c6 2. d3 d6 3. Nd2 Nf6 4. Ngf3 g6 5. g3 Bg7 6. Bg2 0-0 7. 0-0 Qc7 8. Re1 Nbd7 9. Nf1 e5 10. c3 Re8 11. Qc2 a5 12. Bd2 b6 13. d4 Ba6 14. Rad1 Rac8 15. dxe5 dxe5 16. Bh3 Rcd8 17. b4 h6 18. a3 c5 19. bxa5 bxa5 20. c4 Bb7 21. Bc3 Bc6 22. N3d2 Ra8 23. Ne3 Nb6 24. Rb1 Na4 25. Ba1 Nb6 26. Rec1 Bd7 27. Bxd7 Nfxd7 28. Nd5 Qc6 29. Nf1 Ra6 30. Nfe3 Nf8 31. Nxb6 Rxb6 32. Rxb6 Qxb6 33. Rb1 Qa7 34. Qa4 Rb8 35. Rxb8 Qxb8 36. Qb5 Qa8 37. Nd5 Ne6 38. f3 Qd8 39. Bc3 Qg5 40. Qb2 Nd4 41. Kg2 a4 1/2-1/2

[Event "Antofagasta Zicosur op 2nd"]
[Site "Antofagasta"]
[Date "2016.01.10"]
[Round "9"]
[White "Riquelme Abuffon, Nicolas Maximiliano"]
[Black "Celis, Kevin"]
[Result "0-1"]
[WhiteElo "1847"]
[BlackElo "2069"]
[PlyCount "92"]
[EventDate "2016.01.05"]
[EventType "swiss"]
[EventRounds "9"]
[EventCountry "CHI"]
[SourceTitle "CBM 170 Extra"]
[Source "ChessBase"]
[SourceDate "2016.02.25"]
[SourceVersion "1"]
[SourceVersionDate "2016.02.25"]
[SourceQuality "1"]

1. e4 c5 2. Nf3 Nc6 3. Bb5 g6 4. Bxc6 dxc6 5. d3 Bg4 6. h3 Bxf3 7. Qxf3 Bg7 8. 0-0 Nf6 9. Nc3 Nd7 10. Be3 b6 11. Qe2 Nf8 12. f4 Ne6 13. Qf2 Bd4 14. f5 Bxe3 15. Qxe3 Qd4 16. Qxd4 Nxd4 17. fxg6 fxg6 18. Rf2 Rf8 19. Raf1 Rxf2 20. Rxf2 e5 21. Nd1 Ke7 22. Ne3 Ke6 23. a4 a5 24. c3 Nb3 25. Rf1 Rd8 26. Rd1 Rf8 27. Nf1 c4 28. dxc4 Nc5 29. b3 Nxb3 30. Rb1 Nc5 31. Rxb6 Kd6 32. Nd2 Ra8 33. Rb1 Nxa4 34. Rb7 Nxc3 35. Rxh7 a4 36. Rg7 a3 37. Rxg6+ Kc5 38. Kh2 a2 39. Nb3+ Kxc4 40. Na1 c5 41. Rg5 Rb8 42. Rxe5 Rb1 43. Nc2 Rc1 44. Na3+ Kb4 45. Re8 Kxa3 46. Ra8+ Na4 0-1

[Event "Cochabamba op 1st"]
[Site "Cochabamba"]
[Date "2015.01.31"]
[Round "6"]
[White "Molina Chambilla, Jessica"]
[Black "Celis, Kevin"]
[Result "0-1"]
[WhiteElo "1694"]
[BlackElo "2090"]
[PlyCount "80"]
[EventDate "2015.01.29"]
[EventType "swiss"]
[EventRounds "7"]
[EventCountry "BOL"]
[SourceTitle "CBM 164 Extra"]
[Source "ChessBase"]
[SourceDate "2015.03.02"]
[SourceVersion "1"]
[SourceVersionDate "2015.03.02"]
[SourceQuality "1"]

1. d4 Nf6 2. Nf3 c5 3. d5 d6 4. c4 b5 5. cxb5 a6 6. b6 Bb7 7. Nc3 Qxb6 8. h3 e6 9. dxe6 fxe6 10. e3 Be7 11. Be2 Nbd7 12. Qc2 d5 13. 0-0 Rc8 14. Rd1 0-0 15. b3 e5 16. Bb2 Kh8 17. Na4 Qe6 18. Rac1 Ne4 19. Nc3 Nxf2 20. Kxf2 e4 21. Qd2 exf3 22. Bxf3 d4 23. exd4 Bxf3 24. gxf3 Qxh3 25. Qe2 Bh4+ 26. Ke3 Rce8+ 27. Ne4 Rxe4+ 28. Kxe4 Re8+ 29. Kd3 Rxe2 30. Kxe2 Qh2+ 31. Kd3 Qxb2 32. dxc5 Bg5 33. Rb1 Nxc5+ 34. Kc4 Qc2+ 35. Kd4 Bf6+ 36. Kd5 Nd3 37. a3 Qc5+ 38. Ke6 Qc6+ 39. Kf5 Qd5+ 40. Kg4 Qg5+ 0-1

[Event "BOL-ch"]
[Site "Santa Cruz de la Sierra"]
[Date "2014.05.08"]
[Round "4"]
[White "Gemy Vargas, Jose Daniel"]
[Black "Celis, Kevin"]
[Result "0-1"]
[WhiteElo "2339"]
[BlackElo "2090"]
[PlyCount "60"]
[EventDate "2014.05.07"]
[EventType "swiss"]
[EventRounds "9"]
[EventCountry "BOL"]
[SourceTitle "CBM 160 Extra"]
[Source "ChessBase"]
[SourceDate "2014.07.01"]
[SourceVersion "1"]
[SourceVersionDate "2014.07.01"]
[SourceQuality "1"]

1. Nf3 Nf6 2. c4 c6 3. d4 d5 4. Nc3 e6 5. Bg5 Be7 6. Qc2 Nbd7 7. e3 0-0 8. a3 dxc4 9. Bxc4 b5 10. Bd3 h6 11. h4 b4 12. axb4 Bxb4 13. e4 Qb6 14. e5 Nd5 15. Bh7+ Kh8 16. Bd2 Ba6 17. Rh3 Bxc3 18. bxc3 Qb5 19. Rxa6 Qxa6 20. c4 Ne7 21. Bd3 c5 22. Rg3 Rab8 23. Ke2 cxd4 24. h5 Nf5 25. Bxf5 exf5 26. Kf1 Qa1+ 27. Be1 Nc5 28. Qxf5 d3 29. Rxg7 Kxg7 30. Qf6+ Kg8 0-1

[Event "BOL-ch"]
[Site "Santa Cruz de la Sierra"]
[Date "2014.05.07"]
[Round "2"]
[White "Cueto Chajtur, Johny"]
[Black "Celis, Kevin"]
[Result "1/2-1/2"]
[WhiteElo "2286"]
[BlackElo "2090"]
[PlyCount "53"]
[EventDate "2014.05.07"]
[EventType "swiss"]
[EventRounds "9"]
[EventCountry "BOL"]
[SourceTitle "CBM 160 Extra"]
[Source "ChessBase"]
[SourceDate "2014.07.01"]
[SourceVersion "1"]
[SourceVersionDate "2014.07.01"]
[SourceQuality "1"]

1. e4 e6 2. d4 d5 3. e5 c5 4. Qg4 cxd4 5. Nf3 Nc6 6. Bd3 Nge7 7. 0-0 Nf5 8. Bxf5 exf5 9. Qg3 g6 10. Nbd2 Bg7 11. Nb3 0-0 12. Nbxd4 Re8 13. Re1 Nxd4 14. Nxd4 Qc7 15. Bf4 Be6 16. c3 a6 17. Re3 b5 18. a3 Qc5 19. h4 h5 20. Bg5 Qc7 21. Qf4 Kh7 22. Rae1 Rab8 23. Ne2 a5 24. Qg3 Bd7 25. Bf4 Be6 26. Bg5 Bd7 27. Bf4 1/2-1/2

[Event "American Continental 09th"]
[Site "Cochabamba"]
[Date "2013.05.12"]
[Round "8"]
[White "Kropff, Ricardo"]
[Black "Celis, Kevin"]
[Result "1/2-1/2"]
[WhiteElo "2224"]
[BlackElo "2134"]
[PlyCount "30"]
[EventDate "2013.05.07"]
[EventType "swiss"]
[EventRounds "11"]
[EventCountry "BOL"]
[SourceTitle "CBM 154 Extra"]
[Source "ChessBase"]
[SourceDate "2013.06.25"]
[SourceVersion "2"]
[SourceVersionDate "2013.06.25"]
[SourceQuality "1"]

1. c4 e5 2. Nc3 Nc6 3. g3 g6 4. Bg2 Bg7 5. d3 d6 6. e3 f5 7. Nge2 Nf6 8. 0-0 0-0 9. b3 g5 10. f4 gxf4 11. exf4 Qe7 12. Qd2 e4 13. Bb2 Nb4 14. dxe4 fxe4 15. Nd1 Nd3 1/2-1/2

[Event "American Continental 09th"]
[Site "Cochabamba"]
[Date "2013.05.08"]
[Round "2"]
[White "Acosta, Mariano"]
[Black "Celis, Kevin"]
[Result "1/2-1/2"]
[WhiteElo "1958"]
[BlackElo "2134"]
[PlyCount "85"]
[EventDate "2013.05.07"]
[EventType "swiss"]
[EventRounds "11"]
[EventCountry "BOL"]
[SourceTitle "CBM 154 Extra"]
[Source "ChessBase"]
[SourceDate "2013.06.25"]
[SourceVersion "2"]
[SourceVersionDate "2013.06.25"]
[SourceQuality "1"]

1. d4 Nf6 2. Nf3 g6 3. Bg5 Bg7 4. Nbd2 d5 5. e3 0-0 6. Bd3 c6 7. 0-0 Nfd7 8. c4 f6 9. Bh4 Qe8 10. Qb3 Qf7 11. cxd5 cxd5 12. e4 e6 13. exd5 exd5 14. Rfe1 Nb6 15. a4 Be6 16. Rxe6 Qxe6 17. a5 Nc8 18. Qxb7 Qc6 19. Qb3 Nd6 20. Bg3 Kh8 21. Re1 Nf7 22. Bb5 Qb7 23. Bc4 Qxb3 24. Bxb3 Nc6 25. Bxd5 Rac8 26. a6 f5 27. Nb3 Nb4 28. Bb7 Rcd8 29. Bh4 Rde8 30. Be7 Nd3 31. Re3 f4 32. Bxf8 fxe3 33. Bxg7+ Kxg7 34. fxe3 Rxe3 35. h3 Nxb2 36. Nc5 Nc4 37. d5 Nfd6 38. Nd4 Re1+ 39. Kf2 Re8 40. Nde6+ Kf6 41. g4 Ke5 42. Nd7+ Ke4 43. Ndc5+ 1/2-1/2

[Event "South America-ch U20 6th"]
[Site "Tarija"]
[Date "2011.05.03"]
[Round "1"]
[White "Latorre Lopez Moreira, Luis Matias"]
[Black "Celis, Kevin"]
[Result "1-0"]
[WhiteElo "2197"]
[BlackElo "2055"]
[PlyCount "125"]
[EventDate "2011.05.03"]
[EventType "swiss"]
[EventRounds "9"]
[EventCountry "BOL"]
[SourceTitle "EXT 2022"]
[Source "ChessBase"]
[SourceDate "2021.10.06"]
[SourceVersion "1"]
[SourceVersionDate "2021.10.06"]
[SourceQuality "1"]

1. Nf3 e6 2. d4 d5 3. e3 Nf6 4. Bd3 Be7 5. b3 0-0 6. Bb2 Nbd7 7. c4 c5 8. Ne5 cxd4 9. exd4 dxc4 10. bxc4 Bb4+ 11. Ke2 Nxe5 12. dxe5 Nd7 13. Nd2 Nc5 14. Ne4 Nxd3 15. Qxd3 Qxd3+ 16. Kxd3 b6 17. Rac1 Ba6 18. Rc2 Rac8 19. Rhc1 Rc7 20. Ke3 Rd8 21. a3 Be7 22. Bd4 Rcd7 23. Rd2 Bb7 24. Rc3 Kf8 25. f4 Ke8 26. g4 Bxe4 27. Kxe4 Bc5 28. Rcd3 Bxd4 29. Rxd4 Rxd4+ 30. Rxd4 Rc8 31. Kd3 Rc5 32. Kc3 g5 33. fxg5 Rxe5 34. h4 Re3+ 35. Kb4 Ke7 36. a4 e5 37. Rd5 Re4 38. a5 Ke6 39. axb6 axb6 40. Rb5 Rxg4 41. Rxb6+ Ke7 42. Rh6 e4 43. Kc3 e3 44. Kd3 e2 45. Kxe2 Rxc4 46. Rxh7 Kf8 47. Kf3 Kg8 48. Rh6 Kg7 49. Kg3 Ra4 50. Rf6 Rb4 51. h5 Ra4 52. h6+ Kg8 53. Rb6 Kh7 54. Rb8 Ra7 55. Rf8 Kg6 56. Rg8+ Kh7 57. Rg7+ Kh8 58. Kf4 Ra1 59. Ke5 Rf1 60. Kd6 f6 61. g6 Rh1 62. Ke6 Rxh6 63. Kf7 1-0